[Event "Silver Lake Open-A 2018"]
[Site "Veliko Gradiste"]
[Date "2018.06.21"]
[Round "6"]
[White "Eric, Jovana"]
[Black "Kasparov, Sergey"]
[Result "0-1"]
[WhiteElo "2324"]
[BlackElo "2456"]
[Annotator "TA"]
[PlyCount "78"]
[EventDate "2018.06.21"]
[EventType "swiss"]
[EventCountry "SRB"]
[SourceTitle "playchess.com"]
[Source "ChessBase"]
[SourceQuality "1"]

{[%evp 14,78,35,33,31,42,42,0,0,-13,-6,-3,-5,-23,13,22,31,-36,-43,-61,-47,-97,-91,-86,-93,-85,-85,-77,-64,-74,-81,-73,-50,-80,-83,-116,-109,-187,-181,-175,-158,-204,-192,-197,-191,-192,-184,-285,-166,-176,-151,-318,-306,-310,-261,-314,-286,-1062,-1036,-29973,-5924,-5118,-4910,-29995,-29996,-29996,-29997]} 1. e4 d5 2. exd5 Qxd5 3. Nc3 Qd6 4. d4 Nf6 5. Nf3 c6 6. Ne5 Nbd7 {B01: Skandinavische Verteidigung} 7. f4 Nb6 8. Be2 {LiveBook: 3 Partien} (8. g4 g6 9. Bg2 Bg7 10. O-O O-O 11. f5 Rd8 12. Ne2 Nfd7 13. Nxf7 Kxf7 14. Bf4 {1-0 (43) Safarli,E (2657)-Hera,I (2620) Brest 2018}) 8... h5 {Weiß steht etwas besser.} 9. O-O Bf5 10. Kh1 $146 ({Vorgänger:} 10. a4 a5 11. b3 g6 12. Ba3 Qc7 13. Qd2 {½-½ (13) Papp,G (2489)-Varga,Z (2506) Austria 2007}) 10... e6 11. Be3 Nbd5 12. Nxd5 exd5 13. Bd3 Be4 14. f5 Qc7 15. Bf4 (15. Bxe4 $1 $14 dxe4 16. Nc4) 15... Bd6 $15 16. Bxe4 dxe4 17. c4 {[#]} c5 $1 18. b4 cxd4 19. Qxd4 {[#] Droht Tad1 und aus.} O-O-O $1 20. c5 Bxe5 $1 21. Qxe5 Qxe5 22. Bxe5 Rhe8 23. Bd6 e3 24. Rfe1 Ne4 25. Bg3 (25. Kg1 $17 {kämpft weiter.}) 25... Nxg3+ 26. hxg3 $19 {[%mdl 4096] Endspiel KTT-KTT} Rd5 27. Rac1 Rxf5 28. Rc3 Rfe5 29. Kg1 Kc7 30. Kf1 (30. Re2 {war angesagt.}) 30... Kc6 (30... e2+ $142 31. Kf2 b6 32. cxb6+ Kxb6) 31. Ke2 Rf5 {...Tf2+ ist eine echte Drohung.} 32. Kd3 $2 (32. Rf1 $17 Rxf1 33. Kxf1) 32... Rd5+ 33. Kc4 {zielt auf b5+ ab.} Re4+ 34. Kb3 e2 {Und weiter mit ...Td1 wäre nett.} 35. Rc2 $2 (35. Kc2) 35... Rd3+ 36. Ka4 Ree3 {[%csl Ge3][%cal Rd3a3]} 37. b5+ Kd5 {( -> ...Td4+)} 38. Ka5 Rd4 {[%cal Re3a3]} 39. a4 Ra3 {Precision: Weiß = 34%, Schwarz = 75%.} 0-1

[Event "Silver Lake Open-A 2018"]
[Site "Veliko Gradiste"]
[Date "2018.06.21"]
[Round "6"]
[White "Desnica, Vladan"]
[Black "Abramovic, Bosko"]
[Result "0-1"]
[WhiteElo "2300"]
[BlackElo "2415"]
[Annotator "TA"]
[PlyCount "90"]
[EventDate "2018.06.21"]
[EventType "swiss"]
[EventCountry "SRB"]
[SourceTitle "playchess.com"]
[Source "ChessBase"]
[SourceQuality "1"]

{[%evp 26,90,8,7,23,6,16,0,0,0,0,-5,15,15,0,16,14,0,0,0,-6,-24,-24,-56,-54,-50,-16,-34,-32,-103,-41,-136,-62,-110,-109,-139,-135,-156,-165,-236,-205,-273,-207,-199,-205,-195,-200,-238,-241,-270,-236,-235,-218,-341,-363,-450,-429,-378,-389,-614,-645,-637,-612,-585,-568,-29985,-29986]} 1. d4 Nf6 2. c4 e6 3. Nc3 d5 4. cxd5 exd5 5. Bg5 Nbd7 6. e3 c6 7. Bd3 Be7 8. Qc2 Nh5 9. Bxe7 Qxe7 10. Nge2 g6 11. O-O O-O 12. Rae1 {D36: Queen's Gambit Declined: Exchange Variation: Main line (5 Bg5 c6 6 Qc2)} (12. Rab1 a5 13. Rbe1 Nb6 14. Nc1 Ng7 15. f3 Bf5 16. e4 dxe4 17. fxe4 Be6 18. Qf2 f5 19. exf5 Nxf5 20. Nb3 Ng7 21. Qe3 Rxf1+ 22. Rxf1 Re8 23. Nc5 Bf5 {½-½ (23) Korobov,A (2711)-Yilmaz,M (2630) Khanty-Mansiysk 2017}) 12... Nb6 13. Nc1 Ng7 14. f3 {LiveBook: 12 Games. The position is equal.} Be6 15. Nb3 Rad8 16. Qf2 f5 $146 17. Nc5 Bc8 18. Bc2 Ne8 19. Nd3 Nd6 20. b3 Nd7 21. Qg3 Rde8 22. Nf4 Nf6 23. Na4 Rf7 24. Nc5 Rg7 25. h4 b6 26. Ncd3 Nf7 27. Nh3 (27. Bb1 $15) 27... Ba6 (27... h6 $17) 28. Kh1 {[#]} (28. Nhf4 $15) 28... c5 (28... h6 $1 $17 29. Qf2 c5) 29. Qf2 h6 30. Rg1 g5 31. dxc5 bxc5 32. e4 (32. Rd1 {might work better.}) 32... fxe4 {aiming for ...e3.} 33. Qxc5 Bxd3 34. Qxe7 Rxe7 35. Bxd3 Ne5 ({Much less strong is} 35... gxh4 36. fxe4 Ne5 37. Rd1 $17) 36. hxg5 hxg5 37. Be2 g4 38. fxg4 d4 {[%cal Bd5d4,Bd4d3,Bd3d2][%mdl 32]} ({Don't do} 38... Nexg4 39. Rgf1) 39. g5 (39. Rgf1 {was necessary.} Nfxg4 40. Rf4) 39... Nfg4 $19 40. Rc1 d3 41. Rc8+ Kh7 42. Bf3 (42. Bxg4 $142 Nxg4 43. Nf4) 42... exf3 43. gxf3 Nxf3 44. Rxg4 {With the idea Kg2.} d2 45. Nf2 Re2 {Precision: White = 30%, Black = 76%.} 0-1

[Event "Silver Lake Open-A 2018"]
[Site "Veliko Gradiste"]
[Date "2018.06.21"]
[Round "6"]
[White "Dinev, Dejan"]
[Black "Milanovic, Danilo"]
[Result "1-0"]
[WhiteElo "2285"]
[BlackElo "2461"]
[Annotator "TA"]
[PlyCount "134"]
[EventDate "2018.06.21"]
[EventType "swiss"]
[EventCountry "SRB"]
[SourceTitle "playchess.com"]
[Source "ChessBase"]
[SourceQuality "1"]

{[%evp 11,134,30,48,0,22,22,27,23,26,6,6,0,0,0,0,-8,3,-17,-8,-32,-31,-28,-16,-24,-23,-23,-15,-41,-48,-50,-47,-47,-46,-76,-35,-92,-85,-95,-93,-87,-73,-100,-94,-98,-93,-95,-75,-75,-75,-75,-77,-93,-91,-97,-72,-90,-58,-104,-104,-107,-106,-108,-113,-308,-319,-278,-141,-140,-133,-133,-95,-104,-88,-157,-157,-221,-196,-264,-152,-132,-114,-241,-200,-230,-230,-245,-249,-245,-244,-226,-226,-330,-326,-287,-22,-22,-22,-337,-316,-281,0,-22,-29,-237,-218,-329,-194,-1493,-5089,-1292,-842,-760,-758,-29954,-4133,-1578,-570,-29981,-29978,-29980,-29981,-29981,-29979,-29986,-29984]} 1. e4 d5 2. exd5 Qxd5 3. d4 g6 4. c3 Nf6 5. Nf3 Bg7 6. Nbd2 {B06: Modern Defence} O-O {LiveBook: 3 Games} 7. h3 $146 ({Predecessor:} 7. Bc4 Qd6 8. O-O c5 9. dxc5 Qxc5 10. Qe2 Nc6 11. Nb3 Qh5 12. h3 e5 13. Qe3 Re8 {1-0 (29) Rogic,D (2563)-Osmanbegovic,S (2266) Sentjur 2013}) 7... b6 8. Bc4 {The position is equal.} Qd6 9. O-O Bb7 10. Qe2 Nbd7 11. Ba6 Bxa6 12. Qxa6 c5 13. Nc4 Qc7 14. Na3 cxd4 15. Nxd4 Nc5 16. Qc4 Rac8 17. Be3 Qb7 18. Rad1 Nd5 $40 {[%mdl 128] Black has some attack.} 19. Qe2 Nxe3 20. Qxe3 a6 21. Rfe1 Na4 {[%cal Bc5a4,Ba4b6,Bb6d5][%mdl 32]} 22. Rd2 Rc7 23. Nb1 (23. c4 $15) 23... b5 $17 24. b3 Nb6 25. Qe2 Qc8 26. Qe4 e6 27. Red1 Nd5 28. Ne2 Bxc3 (28... f5 {with more complications.} 29. Qh4 Be5 30. Nd4 Bf6 31. Qh6 Bg7) 29. Nbxc3 Rxc3 30. Nxc3 Nxc3 31. Qc2 Nxd1 32. Qxd1 {[%mdl 4096] Endgame KQR-KQR} Qc7 33. Rd6 Qa5 34. Qe2 Rc8 35. g3 Rc1+ 36. Kg2 Qc7 37. Qd3 $2 (37. Rd1 $17 {was called for.}) 37... Qb7+ $1 $19 38. f3 {intending Rd8+.} Qc7 (38... Qa7 $19 {[%csl Gc1][%cal Ra7g1]} 39. Qd4 Rc2+ 40. Kf1 Qxd4 41. Rxd4 Rxa2) 39. Qe3 $17 Qxd6 40. Qxc1 {KQ-KQ} e5 41. g4 a5 42. Kf2 (42. h4 $142) 42... Qd4+ 43. Kg3 {[#]} (43. Kf1 $17) 43... h6 $1 {[%mdl 512]} 44. Kg2 (44. Qe1 {might work better.}) (44. Qxh6 Qg1+) 44... Kg7 ({Better is} 44... e4 $1 $19 45. fxe4 Qxe4+ 46. Kg1 Qe5) 45. Qc2 Qe3 46. Qc6 (46. a3 $17) 46... Qd2+ $19 47. Kf1 b4 ({Resist} 47... Qxa2 48. Qxb5 Qh2 49. Ke1) 48. Qc5 Qxa2 49. Qxe5+ Kh7 50. Qd5 Qa1+ 51. Kg2 (51. Ke2 {keeps fighting.} Kg7 52. Qc4) 51... Kg7 52. h4 a4 $2 (52... Qc3 $1 $19 {...a4! is the strong threat.} 53. Qxa5 Qxb3 54. Qe5+ Kh7) 53. bxa4 $11 Qxa4 {Strongly threatening ...Qc2+.} 54. Qd4+ $2 {[%mdl 8192]} (54. Qe5+ $1 $11 {and White stays safe.} Kg8 55. Qb8+ Kg7 56. Qe5+ Kh7 57. Qf4 Qa2+ 58. Kg3) 54... Kg8 $1 $19 55. Qd8+ Kg7 $2 (55... Kh7 $1 $19 56. Qd5 Qe8) 56. Qd4+ $11 Kh7 {White must now prevent ...Qc2+.} 57. Qc4 $2 {[#]} (57. Qf4 $1 $11) 57... Kg8 $1 $19 58. h5 (58. Kf2 $142) 58... gxh5 59. Qf4 $2 (59. gxh5 Qa5 60. Kf2) 59... Qc2+ (59... Qb5 $142 60. Qd4 hxg4) 60. Kg3 b3 61. Qb8+ Kh7 62. Qa7 Qg6 (62... Qc4 $142 63. gxh5 b2 64. Qb7 Qc3 65. Qe4+ Kg7 66. Qg4+ Kf8 67. Qe4 Qc1 68. Qb4+ Kg8 69. Qg4+ Qg5 70. Qxg5+ hxg5 71. Kg4 f6 72. Kf5 Kg7 73. Ke4 b1=Q+ 74. Kd4 Qb3 75. Ke4 Qc3 76. Kd5 Qxf3+ 77. Kd4 Qxh5 78. Kc3 g4 79. Kd2 g3 80. Ke3 g2 81. Kf2 Qh3 82. Ke1 g1=Q+ 83. Kd2 Qgg2+ 84. Ke1 Qhh1#) 63. Qb7 hxg4 (63... Qd6+ $142 64. Kg2 Qd2+ 65. Kg3 {[#]} h4+ $1 {[%mdl 512]} 66. Kh3 Qf4) 64. fxg4 Qd6+ {Black mates.} 65. Kf3 Qd3+ 66. Kf4 Kg7 67. Qc7 Qd4+ {[%mdl 32768] Precision: White = 29%, Black = 53%. . Loss on Time!?} 1-0

[Event "Silver Lake Open-A 2018"]
[Site "Veliko Gradiste"]
[Date "2018.06.21"]
[Round "6"]
[White "Karthik, Kumar Pradeep"]
[Black "Radovanovic, Nikola"]
[Result "1/2-1/2"]
[WhiteElo "2281"]
[BlackElo "2438"]
[Annotator "TA"]
[PlyCount "48"]
[EventDate "2018.06.21"]
[EventType "swiss"]
[EventCountry "SRB"]
[SourceTitle "playchess.com"]
[Source "ChessBase"]
[SourceQuality "1"]

{[%evp 28,48,59,66,48,0,0,0,0,-31,-9,-23,0,0,0,-21,22,32,33,29,23,10,9]} 1. d4 Nf6 2. c4 g6 3. Nf3 Bg7 4. g3 O-O 5. Bg2 d6 6. Nc3 Nbd7 7. O-O e5 8. e4 exd4 9. Nxd4 Re8 10. h3 a6 11. Be3 Rb8 12. b3 {E68: King's Indian: Fianchetto: 6...Nbd7 7 0-0 e5 8 e4} (12. a4 a5 13. Qc2 c6 14. Rad1 Qc7 15. f4 Nc5 16. g4 Bd7 17. f5 Rbc8 18. g5 Nfxe4 19. Bxe4 d5 20. Bf4 Qb6 21. f6 Bf8 {½-½ (55) Ding,L (2777)-Mamedyarov,S (2799) Huaian 2017}) 12... Ne5 13. a4 Nfd7 14. Ra2 Nc5 15. Rd2 {LiveBook: 3 Games} Nc6 16. Nde2 b6 17. Qb1 $146 ({Predecessor:} 17. Nd4 Bb7 18. Qc2 Nb4 19. Qb1 a5 20. Nd5 Bxd5 21. exd5 Rxe3 22. fxe3 {0-1 (59) Itkis,B (2368)-Vajda,L (2597) Calimanesti Caciulata 2016}) 17... a5 18. f4 Bb7 19. Bf2 Qc8 20. Re1 Nb4 21. Bd4 Bh6 22. Nd5 Bxd5 23. cxd5 f5 {[%cal Rc5e4]} 24. Ba1 {[#] Hoping for Qb2.} Qd7 {Precision: White = 58%, Black = 71%.} 1/2-1/2

[Event "Silver Lake Open-A 2018"]
[Site "Veliko Gradiste"]
[Date "2018.06.21"]
[Round "6"]
[White "Kulkarni, Chinmay"]
[Black "Savic, Miodrag R"]
[Result "0-1"]
[WhiteElo "2281"]
[BlackElo "2545"]
[Annotator "TA"]
[PlyCount "230"]
[EventDate "2018.06.21"]
[EventType "swiss"]
[EventCountry "SRB"]
[SourceTitle "playchess.com"]
[Source "ChessBase"]
[SourceQuality "1"]

{[%evp 14,230,38,18,43,51,48,24,70,19,33,0,0,5,34,14,12,12,16,4,4,10,10,0,4,9,7,0,0,-67,11,7,19,18,18,18,19,18,17,14,31,20,31,18,14,9,29,21,23,17,64,0,33,30,70,0,0,-79,-81,-81,-79,-79,0,-295,-258,-382,-112,-97,-86,-95,-94,-115,-95,-115,-108,-108,-103,-103,-103,-119,-78,-78,-78,-78,-78,-82,-78,-85,-85,-97,-96,-96,-96,-96,-96,-96,-96,-118,-120,-152,-8,-8,-8,-8,-8,-8,-8,-23,-24,-25,-25,-25,-26,-26,-26,-31,-33,-43,-43,-44,-43,-45,-8,-68,-68,-68,-68,-68,-68,-83,-69,-83,-83,-83,-68,-68,-68,-68,-68,-68,-68,-68,-59,-62,-70,-84,0,0,0,-84,0,-59,-59,-59,-59,-84,-84,-84,-84,-84,-84,-84,0,-68,-60,-75,-77,-100,-45,-135,-135,-136,-136,-135,-83,-85,0,-136,-135,-135,-135,-136,-136,-136,-116,-113,-107,-106,-95,-137,-137,-138,-138,-138,0,0,0,-84,0,-138,-138,-138,-136,-99,-84,-84,-84,-82,0,-84,-84,-87,-83,-29993,-29994,-29994,-29995,-29996,-29997]} 1. e4 d5 2. exd5 Qxd5 3. Nc3 Qa5 4. Bc4 c6 5. d3 Nf6 6. Bd2 Qe5+ {B01: Scandinavian Defence} (6... Qc7 7. Qe2 Bf5 8. h3 h5 9. Nf3 Nbd7 10. O-O Nb6 11. Bb3 Nbd5 12. Nxd5 Nxd5 13. Nd4 Bd7 14. Bxd5 cxd5 15. c4 dxc4 16. dxc4 {½-½ (48) Efimenko,Z (2651)-Kryvoruchko,Y (2659) Kiev 2013}) 7. Nge2 Qc7 8. d4 {LiveBook: 3 Games} Nbd7 {The position is equal.} 9. Bf4 Qd8 10. Qd2 Nb6 $146 ({Predecessor:} 10... e6 11. O-O Be7 12. Rfe1 Nb6 13. Bd3 Nbd5 14. Nxd5 cxd5 15. Kh1 Bd7 {½-½ (27) Isola,G (1919)-Waldner,A (2053) St Veit 2016}) 11. Bb3 (11. Bd3 $14) 11... a5 $11 12. a3 (12. a4 {looks sharper.} e6 13. O-O Be7 14. Rfe1 O-O 15. h3) 12... a4 13. Ba2 Bf5 14. O-O e6 15. Rfe1 Bd6 16. Bxd6 Qxd6 17. Ng3 O-O 18. Nce4 Nxe4 19. Nxe4 Qc7 20. Qg5 Qd8 21. Qg3 (21. Qd2 $11) 21... Nc8 (21... Qxd4 $15 22. c3 Qd8) 22. c3 Ra5 23. Nc5 Nd6 24. Rad1 b6 25. Nd3 Bxd3 $1 26. Qxd3 Qf6 27. Re3 g6 28. Rde1 Kg7 29. Re5 Rfa8 {[%cal Bf8a8,Ba8a5,Ba5b5][%mdl 32]} 30. g3 Qd8 31. Qf3 Qc7 32. Qf4 ({White should try} 32. h4 $14) 32... Rxe5 33. dxe5 Ne8 34. Rd1 (34. Bb1 $14) 34... Ra5 35. Qd4 (35. Re1 $11) 35... Qxe5 $17 36. Qxb6 Rb5 $36 {[%mdl 2048] Keeping White busy.} 37. Qxc6 Nf6 (37... Rxb2 $17 38. Qxe8 Qf6) 38. Bb1 $2 {[%mdl 8192]} (38. Rb1 $11) 38... Rxb2 $19 39. Qxa4 (39. Qc4 $142) 39... Qxc3 $2 (39... Nd5 $1 $19 {[%cal Rd5e3] is more deadly.} 40. Qa5 Qxc3) 40. Bd3 $17 Ra2 41. Qc4 Qb2 42. Rf1 Rxa3 43. Be4 h5 44. Bg2 Ng4 45. h3 Ne5 46. Qe4 Ra1 (46... Rb3 {is interesting.} 47. Rd1 g5 48. Qa8 Nd3 49. Qf3 Nf4) 47. Rxa1 Qxa1+ 48. Kh2 Qc3 49. Qf4 Nd7 50. Qe4 Nf6 51. Qf4 e5 52. Qg5 Qd4 53. Kg1 Qd1+ 54. Kh2 Qe1 55. f4 e4 56. f5 {[#]} e3 (56... Qf2 $1 $17 {...e3 is the strong threat.} 57. fxg6 fxg6) 57. fxg6 $11 Qf2 58. gxf7+ Kxf7 {And now ...e2 would win.} 59. Qc5 $1 h4 60. gxh4 Qf4+ 61. Kg1 e2 62. Bd5+ $1 Kg7 ({But not} 62... Kg6 63. Qc2+ Kh6 64. Qxe2 $17) 63. Qe7+ Kh6 64. Qxe2 Nxd5 65. Qe6+ Nf6 66. Kg2 Kg6 67. Qe2 Qxh4 68. Qf2 (68. Qd3+ $11 Kf7 69. Qb3+ Kf8 70. Qa3+ Ke8 71. Qe3+ Kd8 72. Qb6+ Kd7 73. Qb7+ Ke8 74. Qc6+ Ke7 75. Qc5+ Kf7 76. Qc7+ Ke6 77. Qb6+ Kf7 78. Qc7+ Ke6 79. Qb6+ Kf7 80. Qc7+) 68... Qe4+ 69. Qf3 Qc2+ 70. Qf2 Qc6+ 71. Kh2 Ne4 72. Qg2+ Kf6 73. Qf3+ Ke5 74. Qh5+ Kf4 75. Qh4+ Kf3 76. Qg4+ Ke3 77. Qg1+ Nf2 78. Qg5+ Ke2 79. Qe5+ Kd3 80. Qg3+ Ke2 {[%csl Gf2][%cal Rc6h1]} 81. Qe5+ Kd2 (81... Ne4 $17) 82. Qf4+ (82. Qg5+ $11 Ke2 83. Qe5+) 82... Ke1 $1 $15 83. Qe5+ Ne4 $1 84. Qa1+ Ke2 85. Qb2+ Ke3 86. Qa3+ Kf4 87. Qf8+ Ke3 88. Qa3+ Nc3 89. Qe7+ Kd3 90. h4 Nd5 ({Black should play} 90... Ne4 $17) 91. Qe5 ({Better is} 91. Qg5 $15) 91... Ne3 $17 {[%csl Ge3][%cal Rc6g2]} 92. Qb2 Qd6+ 93. Kh1 Qd5+ (93... Qe7 $142 94. Qb5+ Ke4 95. Qa4+ Kf3 96. Qa8+ Kg4 97. Qc8+ Kxh4 98. Qh8+ Kg4 99. Qg8+ Kf3 100. Qa8+ Kg3 101. Qg8+ Ng4 102. Qb3+ Kh4) 94. Kh2 Qd6+ (94... Qf7 $142) 95. Kh1 $1 Ke4 96. Qb7+ Kf4 97. Qf7+ Kg3 98. Qg8+ Kf2 99. Qf7+ Ke1 100. Qf3 Qd4 101. Qg3+ Ke2 102. Qh2+ Kf3 103. Qh3+ Kf2 (103... Kf4 $142 104. Qh2+ Kg4 105. Qe2+ Kxh4 106. Qh2+ Kg5 107. Qg1+ Kf6 108. Qf2+ Kg5 109. Qg1+ Kf6 110. Qf2+ Kg5 111. Qg1+) 104. Qh2+ Ke1 105. Qg3+ $1 Ke2 (105... Kd2 $142 106. Qh3 Qa1+ 107. Kh2 Ke2) 106. Qh2+ Kd3 107. Qg3 Qd5+ 108. Kg1 Qf5 109. Qd6+ Ke2 110. Qh2+ Kd3 {[%csl Ge3][%cal Rf5f1]} 111. Qd6+ Ke4 112. Qc6+ Kf4 {( -> ...Qb1+)} 113. Qd6+ $2 {[%mdl 8192]} (113. Kf2 $17) 113... Kf3 {Black mates.} 114. Qc6+ {[#]} Nd5 $1 115. Qc4 Qg6+ {Precision: White = 58%, Black = 48%.} 0-1

[Event "Silver Lake Open-A 2018"]
[Site "Veliko Gradiste"]
[Date "2018.06.21"]
[Round "6"]
[White "Sevgi, Volkan"]
[Black "Filev, Georgi"]
[Result "1-0"]
[WhiteElo "2266"]
[BlackElo "2390"]
[Annotator "ChessBase"]
[PlyCount "127"]
[EventDate "2018.06.21"]
[EventType "swiss"]
[EventCountry "SRB"]
[SourceTitle "playchess.com"]
[Source "ChessBase"]
[SourceQuality "1"]
[TimeControl "40/5400+30:900+30"]

1. Nf3 {[%emt 0:00:00]} Nf6 {[%emt 0:00:26]} 2. g3 {[%emt 0:00:00]} g6 {[%emt 0:00:16]} 3. b3 {[%emt 0:00:00]} Bg7 {[%emt 0:00:12]} 4. Bb2 {[%emt 0:00:02]} O-O {[%emt 0:00:39]} 5. Bg2 {[%emt 0:00:06]} d6 {[%emt 0:01:43]} 6. d4 {[%emt 0:03:24]} Nbd7 {[%emt 0:06:25]} 7. O-O {[%emt 0:00:28]} c6 {[%emt 0:03:20]} 8. Nbd2 {[%emt 0:00:55]} Qc7 {[%emt 0:01:53]} 9. c4 {[%emt 0:01:44]} e5 {[%emt 0:01:50]} 10. e4 exd4 {[%emt 0:02:28]} 11. Bxd4 {[%emt 0:02:19]} Re8 {[%emt 0:01:41]} 12. Qc2 {[%emt 0:02:18]} b6 {[%emt 0:03:59]} 13. Rfe1 {[%emt 0:02:15]} Bb7 {[%emt 0:00:36]} 14. Rad1 {[%emt 0:03:10]} Rad8 {[%emt 0:01:08]} 15. h3 {[%emt 0:00:41]} Ne5 {[%emt 0:03:48]} 16. Nh2 {[%emt 0:02:11]} Qe7 {[%emt 0:12:08]} 17. f4 {[%emt 0:03:23]} Ned7 {[%emt 0:00:10]} 18. Qb2 {[%emt 0:20:42]} Qf8 {[%emt 0:03:06]} 19. g4 {[%emt 0:06:39]} h6 {[%emt 0:04:30]} 20. Nhf1 {[%emt 0:01:07]} Nh7 {[%emt 0:01:25]} 21. Ng3 {[%emt 0:05:04]} Nc5 {[%emt 0:02:02]} 22. Nf3 {[%emt 0:02:14]} Ne6 {[%emt 0:02:02]} 23. Bxg7 {[%emt 0:00:11]} Qxg7 {[%emt 0:00:16]} 24. Qc1 {[%emt 0:00:45]} Qf6 {[%emt 0:09:09]} 25. f5 {[%emt 0:03:43]} Neg5 {[%emt 0:00:19]} 26. Nxg5 {[%emt 0:04:08]} hxg5 {[%emt 0:02:18]} 27. Rd3 {[%emt 0:03:18]} Qe5 {[%emt 0:02:31]} 28. Red1 {[%emt 0:00:41]} c5 {[%emt 0:01:50]} 29. Qd2 {[%emt 0:01:30]} Kg7 {[%emt 0:14:30]} 30. Rxd6 {[%emt 0:02:18]} Rxd6 {[%emt 0:07:43]} 31. Qxd6 {[%emt 0:00:04]} Nf6 {[%emt 0:00:14]} 32. Qxe5 {[%emt 0:01:35]} Rxe5 {[%emt 0:00:07]} 33. fxg6 {[%emt 0:17:48]} fxg6 {[%emt 0:00:27]} 34. Kf2 {[%emt 0:01:50]} Kf7 {[%emt 0:01:07]} 35. Ke3 {[%emt 0:02:15]} Ke7 {[%emt 0:02:28]} 36. Bf3 {[%emt 0:00:11]} a6 {[%emt 0:07:45]} 37. Rh1 {[%emt 0:01:05]} b5 {[%emt 0:01:06]} 38. h4 {[%emt 0:00:42]} gxh4 {[%emt 0:00:49]} 39. Rxh4 {[%emt 0:00:58]} bxc4 {[%emt 0:00:27]} 40. bxc4 g5 41. Rh8 {[%emt 0:05:14]} Bc6 {[%emt 0:02:34]} 42. Rb8 {[%emt 0:02:03]} a5 {[%emt 0:00:26]} 43. Rb6 {[%emt 0:02:00]} Kd7 {[%emt 0:03:42]} 44. Ra6 {[%emt 0:00:12]} a4 {[%emt 0:00:06]} 45. Ra7+ {[%emt 0:00:05]} Kd8 {[%emt 0:04:36]} 46. Rf7 {[%emt 0:03:04]} Re6 {[%emt 0:00:27]} 47. Rg7 {[%emt 0:00:30]} Re5 {[%emt 0:00:06]} 48. Rg6 {[%emt 0:01:15]} Ke7 {[%emt 0:00:38]} 49. Nf5+ {[%emt 0:01:20]} Ke6 {[%emt 0:03:37]} 50. a3 {[%emt 0:07:43]} Ba8 {[%emt 0:01:51]} 51. Bh1 {[%emt 0:03:09]} Bc6 {[%emt 0:00:43]} 52. Bg2 {[%emt 0:00:01]} Ba8 53. Bf3 Bc6 {[%emt 0:00:49]} 54. Rxg5 {[%emt 0:01:19]} Nxe4 {[%emt 0:03:07]} 55. Ng7+ {[%emt 0:01:20]} Kf6 {[%emt 0:00:10]} 56. Rxe5 {[%emt 0:00:38]} Kxe5 {[%emt 0:00:01]} 57. Bxe4 {[%emt 0:00:13]} Bxe4 {[%emt 0:00:07]} 58. Ne6 {[%emt 0:00:03]} Bg2 {[%emt 0:01:50]} 59. Nxc5 {[%emt 0:00:07]} Bf1 {[%emt 0:00:08]} 60. Nd3+ {[%emt 0:00:37]} Kd6 {[%emt 0:01:03]} 61. Kd4 {[%emt 0:00:14]} Bh3 {[%emt 0:00:19]} 62. g5 {[%emt 0:00:23]} Bf5 {[%emt 0:00:07]} 63. c5+ {[%emt 0:00:21]} Ke6 {[%emt 0:01:08]} 64. Nf4+ {[%emt 0:00:08]} 1-0

[Event "Silver Lake Open-A 2018"]
[Site "Veliko Gradiste"]
[Date "2018.06.21"]
[Round "6"]
[White "Dahl, Trygve"]
[Black "Rajkovic, Mladen"]
[Result "0-1"]
[WhiteElo "2206"]
[BlackElo "2354"]
[Annotator "NA"]
[PlyCount "74"]
[EventDate "2018.06.21"]
[EventType "swiss"]
[EventCountry "SRB"]
[SourceTitle "playchess.com"]
[Source "ChessBase"]
[SourceQuality "1"]
[TimeControl "40/5400+30:900+30"]

1. e4 {[%emt 0:00:00]} e5 {[%emt 0:02:28]} 2. Nf3 {[%emt 0:00:00]} Nc6 {[%emt 0:00:10]} 3. c3 {[%emt 0:00:00]} d5 {[%emt 0:01:36]} 4. Qa4 {[%emt 0:00:15]} f6 {[%emt 0:00:43]} 5. d3 {[%emt 0:01:53]} Be6 {[%emt 0:02:41]} 6. Be2 {[%emt 0:00:07]} Qd7 {[%emt 0:01:27]} 7. O-O {[%emt 0:00:09]} g5 {[%emt 0:02:01]} 8. Nbd2 {[%emt 0:02:25]} Nge7 {[%emt 0:01:19]} 9. d4 {[%emt 0:01:12]} g4 {[%emt 0:03:38]} 10. Ne1 {[%emt 0:04:20]} exd4 {[%emt 0:06:27]} 11. cxd4 {[%emt 0:00:21]} Nc8 {[%emt 0:01:02]} 12. exd5 {[%emt 0:05:29]} Bxd5 {[%emt 0:03:43]} 13. Nd3 {[%emt 0:13:27]} Nb6 {[%emt 0:02:26]} 14. Qd1 {[%emt 0:00:19]} h5 {[%emt 0:00:27]} 15. Nc5 {[%emt 0:00:37]} Qf7 {[%emt 0:02:17]} 16. Nxb7 {[%emt 0:07:21]} Nxd4 {[%emt 0:02:46]} 17. Re1 {[%emt 0:07:08]} Be7 {[%emt 0:03:36]} 18. Na5 {[%emt 0:05:06]} O-O-O {[%emt 0:06:31]} 19. Nab3 {[%emt 0:04:27]} Nxe2+ {[%emt 0:03:09]} 20. Qxe2 {[%emt 0:03:06]} Rhe8 {[%emt 0:00:13]} 21. Qb5 {[%emt 0:02:18]} Bd6 {[%emt 0:08:59]} 22. Rxe8 {[%emt 0:02:51]} Rxe8 {[%emt 0:00:53]} 23. Nf1 {[%emt 0:00:58]} Re1 {[%emt 0:05:57]} 24. Be3 {[%emt 0:02:27]} Rxa1 {[%emt 0:00:42]} 25. Nxa1 {[%emt 0:00:06]} Bxa2 {[%emt 0:00:42]} 26. Nd2 {[%emt 0:07:44]} Bd5 {[%emt 0:02:04]} 27. Nc2 {[%emt 0:06:05]} Qd7 {[%emt 0:04:42]} 28. Nd4 {[%emt 0:02:42]} Be5 {[%emt 0:02:19]} 29. Nb1 {[%emt 0:03:04]} Qxb5 {[%emt 0:04:28]} 30. Nxb5 {[%emt 0:00:08]} a6 {[%emt 0:00:10]} 31. N5c3 {[%emt 0:03:10]} Be6 {[%emt 0:00:46]} 32. Nd2 {[%emt 0:00:14]} Nd5 {[%emt 0:01:16]} 33. Nxd5 {[%emt 0:01:45]} Bxd5 {[%emt 0:00:02]} 34. b3 {[%emt 0:00:11]} Kb7 {[%emt 0:01:54]} 35. g3 {[%emt 0:00:17]} Kc6 {[%emt 0:00:24]} 36. Kf1 {[%emt 0:01:09]} Kb5 {[%emt 0:00:14]} 37. Ke2 {[%emt 0:00:08]} Kb4 {[%emt 0:00:20]} 0-1

[Event "Silver Lake Open-A 2018"]
[Site "Veliko Gradiste"]
[Date "2018.06.22"]
[Round "7"]
[White "Georgiev, Kiril"]
[Black "Petrov, Nikita"]
[Result "1/2-1/2"]
[WhiteElo "2590"]
[BlackElo "2589"]
[Annotator "TA"]
[PlyCount "30"]
[EventDate "2018.06.21"]
[EventType "swiss"]
[EventCountry "SRB"]
[SourceTitle "playchess.com"]
[Source "ChessBase"]
[SourceQuality "1"]

{[%evp 16,17,0,-6]} 1. d4 d5 2. c4 c6 3. Nf3 Nf6 4. Nc3 dxc4 5. a4 {[%cal Ba2a4,Ba4a5][%mdl 32]} Bf5 6. Ne5 Nbd7 7. Nxc4 Nb6 8. Ne3 {D17: Slav Defence: 5 a4 Bf5: Lines with 6 Nh4 and 6 Ne5} (8. Ne5 a5 9. e3 Nbd7 10. Bd3 Bxd3 11. Nxd3 g6 12. Qb3 Qb6 13. Qxb6 Nxb6 14. Ke2 Bg7 15. Nc5 Ra7 16. e4 O-O {½-½ (49) Vidit,S (2707)-Bu,X (2725) Liaocheng 2018}) 8... e6 9. a5 {LiveBook: 5 Games} {Predecessor:} Nbd5 $146 10. Ncxd5 Nxd5 11. Nxf5 exf5 12. e3 Be7 13. Bc4 O-O 14. O-O Qd7 15. Qb3 Nf6 {½-½ (26) Leniart,A (2491)-Antal,G (2541) Slovakia 2016} 1/2-1/2